Statistics for Top 20 Largest Countries in the World

Click here to take the quiz!

General Stats

  • This quiz has been taken 45 times
  • The average score is 18 of 20

Answer Stats

Answer% Correct
2Canada
100%
1Russia
100%
6Australia
97%
4China
97%
7India
97%
3United States of America
97%
10Algeria
94%
5Brazil
94%
8Argentina
91%
12Saudi Arabia
91%
9Kazakhstan
88%
13Mexico
88%
18Mongolia
88%
15Sudan
88%
11Democratic Republic of the Congo
85%
14Indonesia
85%
17Iran
82%
16Libya
79%
20Chad
76%
19Peru
65%

Score Distribution

Percentile by Number Answered

Percent of People with Each Score

Your Score History

You have not taken this quiz